000 00569nam a2200217Ia 4500
008 101110s9999 xx 000 0 und d
041 _aENGLISH
082 _bSR33038
100 _aTodaro, Michael P. Smith, Stephen C
245 _aEconomics Develpment 8th edition
260 _c2009
_bPerson education,New Delhi
300 _a863
365 _b435
520 _aEconomics
546 _aENGLISH
630 _aEconomics Develpment 8th edition
650 _aEconomics
655 _aEconomics
730 _aEconomics Develpment 8th edition
942 _cBOOK
999 _c825539
_d825536